000 03288cam a2200421 i 4500
001 a45626597
003 SIRSI
005 20260511121914.0
008 230818t20232023nyua b 001 0 eng d
010 _a 2023946923
020 _a9781685891244
_q(paperback)
020 _a1685891241
_q(paperback)
020 _z9781685891237
_q(ebook)
035 _a(OCoLC)1394001260
037 _bRandom House Inc, Attn Order Entry 400 Hahn rd, Westminster, MD, USA, 21157
_nSAN 201-3975
040 _aYDX
_beng
_erda
_cYDX
_dOCLCQ
_dIUO
_dOCLCO
_dYDX
_dOCLCO
_dVP@
_dUOK
_dMNN
_dIOU
_dJQF
_dIAK
_dIBI
_dCQC
_dCLE
_dCTU
_dIG#
_dUtOrBLW
041 _aEnglish
050 4 _aHM851
_b.V37 2023
100 _aVaroufakis, Yanis,
_1https://id.oclc.org/worldcat/entity/E39PBJkHjKY4VKF7vKd3WrKTpP
_0https://id.loc.gov/authorities/names/n90638346
_4http://id.loc.gov/vocabulary/relators/aut
_926818
245 1 0 _aTechnofeudalism
_b: what killed capitalism
_c/ Yanis Varoufakis.
246 3 _aTechno feudalism
246 3 0 _aWhat killed capitalism
264 1 _aBrooklyn, NY :
_bMelville House,
_c2023.
264 4 _c©2023
300 _axii, 291 pages :
_billustrations ;
_c21 cm
500 _a"First published in 2023 by The Bodley Head" -- title page verso.
504 _aIncludes bibliographical references (pages [251]-273) and index (pages [275]-291).
505 0 _aHesiod's lament — Capitalism's metamorphoses — Cloud capital — The rise of the cloudalists and the demise of profit — What's in a word? — Technofeudalism's global impact : the new cold war — Escape from technofeudalism — Appendices: The political economy of technofeudalism ; The madness of derivatives.
520 _a"Perhaps we were too distracted by the pandemic, or the endless financial crises, or the rise of TikTok. But under cover of them all, a new and more exploitative system has been taking hold. Insane sums of money that were supposed to re-float our economies after the crash of 2008 went to big tech instead. With it they funded the construction of their private cloud fiefdoms and privatized the internet. Technofeudalism says Yanis Varoufakis, is the new power that is reshaping our lives and the world, and is the greatest current threat to the liberal individual, to our efforts to avert climate catastrophe--and to democracy itself. Drawing on stories from Greek myth and pop culture, from Homer to Mad Men, Varoufakis explains this revolutionary transformation: how it enslaves our minds, how it rewrites the rules of global power, and, ultimately, what it will take overthrow it"--Provided by publisher.
650 0 _aBig data
_0https://id.loc.gov/authorities/subjects/sh2012003227
_93389
650 0 _aEconomics
_xSociological aspects
_0https://id.loc.gov/authorities/subjects/sh88001829
_922359
650 0 _aInformation technology
_xEconomic aspects
_0https://id.loc.gov/authorities/subjects/sh2010115848
_912278
650 0 _aTechnology - Sociological aspects.
_xSociological aspects.
_0https://id.loc.gov/authorities/subjects/sh89004351
650 0 _aInformation technology - Political aspects.
_0https://id.loc.gov/authorities/subjects/sh2009102929
_926799
650 0 _aInternet industry - Economic aspects.
_926820
650 0 _aInternet industry - Moral and ethical aspects.
_926821
942 _2lcc
999 _c5391
_d5391